000 00736nam a22002537a 4500
003 UA-OsUOA
001 27093
007 ta
008 20040615b un ||||| |||| 00| 0 ukr d
100 _aХейман С.
090 _a32(091)(477)
_bХ35
942 _cBK
040 _aUA-OsUOA
_bukr
_cUA-OsUOA
_dUA-OsUOA
245 _aКістяківський: Боротьба за національні та конституційні права в останні роки царату
300 _a304 с.
955 _a2
041 _aukr
080 _a32(091)(477)
020 _a966-7956-04-6
260 _aК.
_bОсновні цінності
_c2000
044 _aUA
650 7 _a32 Політика
_2UDC
999 _c313434
_d313434